| 000 | 00696nam a22002052 4500 | ||
|---|---|---|---|
| 001 | 0000020909 | ||
| 005 | 20151217155909.0 | ||
| 008 | 111107s xx 000 0 eng d | ||
| 020 | _a9966958711 : | ||
| 040 |
_aKABU _cKABU |
||
| 245 | 1 | 0 |
_aKenya's own Truth Justice and Reconciliation Commission : _bthe hard reality. |
| 250 | _a1st ed. | ||
| 260 |
_aNairobi : _bKenyan Section of the International Commission of Jurists, _c2010. |
||
| 300 | _aix, 112 p. | ||
| 650 | 0 |
_aTruth Commission _zKenya. _@0000170491 |
|
| 710 | 2 |
_aInternational commission of jurists. _bKenya section. _@0000180032 |
|
| 908 | _a111107 | ||
| 950 | _@1 | ||
| 999 |
_c13810 _d13810 |
||